000 01180nam a2200277 a 4500
001
003 OSt
005 20220113101658.0
008 081127s2000 dr 000 0 spa d
020 _a9993410071
040 _aDO-SdBNP
_bspa
_cBPMSU
082 _a959.7043
_bB742v 2000
_222
100 1 _a Bosch, Juan,
_d1909-2001
_91
245 1 0 _aViaje a los antípodas /
_cJuan Bosch.
250 _a6a ed.
260 _aSanto Domingo :
_bAlfa & Omega,
_c2000
300 _a239 p. ;
_c21 cm.
505 0 _tAsia y el sudeste asiático --
_tViaje a los antípodas --
_tLos papeles del pentágono --
_tLa teoría del dominó --
_tEl papel del mentiroso --
_tEl hombre clave de los Estados Unidios en Viet Nam del Sur --
_t¿Quién provocó la guerra de Viet Nam del Sur? --
_tLos años de Kennedy --
_tComentarios anónimos sobre la guerra de Indochina --
_tDos conferencias sobre Viet Nam y Cambodia --
_tDos discursos por Radio Comercial.
590 _6Inventariado, 2022/VM
650 4 _aGuerra de Vietnam
_y1961-1975
651 4 _aVietnam
_xHistoria
651 4 _aAsia Sudoriental
_xHistoria
651 4 _aEstados Unidos
_xPolítica Militar
910 _aVMateo V.
942 _2ddc
_cBK
999 _c13939
_d13939